| 000 | 00579nam a22001937a 4500 | ||
|---|---|---|---|
| 999 |
_c14583 _d14583 |
||
| 003 | AR-CdUCM | ||
| 008 | 190423b ||||| |||| 00| 0 spa d | ||
| 040 |
_aMUNICIPALIDAD PROVINCIAL DEL CUSCO _cBIBLIOTECA MUNICIPAL DEL CUSCO |
||
| 082 |
_aPI / 376.1 / _bS55 |
||
| 110 |
_aThe clever factory _933206 |
||
| 245 | _aAprende a usar los broches / | ||
| 260 |
_aMéxico : _bAdvanced marketing, _c2013. |
||
| 300 |
_a18 cm. _cIlustrado |
||
| 650 |
_aAprender _933413 |
||
| 650 |
_aBroches _933414 |
||
| 650 |
_aHabilidades _928008 |
||
| 942 |
_2ddc _cLIBROS |
||
| 945 |
_arah _d23/04/2019 |
||